000 00688nam a2200241Ia 4500
003 OSt
005 20220926012122.0
006 a|||||r|||| 00| 0
007 ta
008 220923b |||||||| |||| 00| 0 eng d
037 _cGeneral Book
040 _aRTL
_cRTL
_beng
041 _2eng
_aeng
082 _aXM8,93.73.N7, L9
100 _aLamont Douglas F
_9315536
245 0 _aForeign state enterprises
_b A threat to American Bu
260 _aNew York
_bBasic Books
_c1979
300 _axv, 272p
_ccm.
500 _aAppendix p 249-62
650 _aMultinational
942 _hXM8,93.73.N7, L9
_cGB
_2CC
999 _c621750
_d621750